书目信息 |
| 题名: |
震撼之啼
|
|
| 作者: | 若然之由 , 若然之音 著 | |
| 分册: | ||
| 出版信息: | 北京 中国文联出版社 2018 |
|
| 页数: | 391页 | |
| 开本: | 24cm | |
| 丛书名: | ||
| 单 册: | ||
| 中图分类: | G78-49 | |
| 科图分类: | ||
| 主题词: | 家庭教育--通俗读物 | |
| 电子资源: | ||
| ISBN: | 978-7-5190-3941-7 | |
| 000 | 00951nam0 2200241 450 | |
| 001 | 012001003497 | |
| 005 | 20130126103248.0 | |
| 010 | @a978-7-5190-3941-7@dCNY68.00 | |
| 100 | @a20190406d2018 em y0chiy50 ea | |
| 101 | 0 | @achi |
| 102 | @aCN@b110000 | |
| 105 | @ay z 000yy | |
| 106 | @ar | |
| 200 | 1 | @a震撼之啼@9zhen han zhi ti@f若然之由,若然之音著 |
| 210 | @a北京@c中国文联出版社@d2018 | |
| 215 | @a391页@d24cm | |
| 330 | @a本书以一个人从出生到结婚得子中较有共性的57个故事为素材,以较为独到的视角,就作为父母怎么才能较好地对待子女的诸如哺乳、学前教育、督学、视力保护,以及择业、婚恋、孝道等较有共性的事情,做了较为纵深透彻的论著,由此及彼,为怎样做一个于国于家于己皆较为成熟及成功的人士,作了较为客观现实地“敲打”。 | |
| 606 | 0 | @a家庭教育@j通俗读物 |
| 690 | @aG78-49@v5 | |
| 701 | 0 | @a若然之由@9ruo ran zhi you@4著 |
| 701 | 0 | @a若然之音@9ruo ran zhi yin@4著 |
| 801 | 0 | @aCN@b江苏凤凰@c20191020 |
| 905 | @b1218103-6@dG78-49@e1007@f4 | |
| 震撼之啼/若然之由,若然之音著.-北京:中国文联出版社,2018 |
| 391页;24cm |
| ISBN 978-7-5190-3941-7:CNY68.00 |
| 本书以一个人从出生到结婚得子中较有共性的57个故事为素材,以较为独到的视角,就作为父母怎么才能较好地对待子女的诸如哺乳、学前教育、督学、视力保护,以及择业、婚恋、孝道等较有共性的事情,做了较为纵深透彻的论著,由此及彼,为怎样做一个于国于家于己皆较为成熟及成功的人士,作了较为客观现实地“敲打”。 |
| ● |
| 相关链接 |
|
|
|
|
正题名:震撼之啼
索取号:G78-49/1007
 
预约/预借
| 序号 | 登录号 | 条形码 | 馆藏地/架位号 | 状态 | 备注 |
| 1 | 1218103 | 212181039 | 第一样本阅览室/ [索取号:G78-49/1007] | 在馆 | |
| 2 | 1218104 | 212181048 | 教育系资料室/ [索取号:G78-49/1007] | 在馆 | |
| 3 | 1218105 | 212181057 | 教育系资料室/ [索取号:G78-49/1007] | 在馆 | |
| 4 | 1218106 | 212181066 | 第四借阅区/ [索取号:G78-49/1007] | 在馆 |